|
|
|
|
| LEADER |
00000nam0a2200000 4500 |
| 001 |
219570 |
| 005 |
20231101230252.0 |
| 010 |
|
|
|a 9785769559563
|
| 035 |
|
|
|a (RuTPU)RU\TPU\book\239656
|
| 090 |
|
|
|a 219570
|
| 100 |
|
|
|a 20120710d2012 m y0rusy50 ca
|
| 101 |
0 |
|
|a rus
|
| 102 |
|
|
|a RU
|
| 105 |
|
|
|a a j 001zy
|
| 200 |
1 |
|
|a Социальные опасности и защита от них
|e учебник для вузов
|f под ред. Л. А. Михайлова
|
| 210 |
|
|
|a Москва
|c Академия
|d 2012
|
| 215 |
|
|
|a 304 с.
|c ил.
|
| 225 |
1 |
|
|a Высшее профессиональное образование. Бакалавриат
|
| 225 |
1 |
|
|a Педагогическое образование
|
| 320 |
|
|
|a Библиогр.: с. 296-301.
|
| 330 |
|
|
|a Учебник создан в соответствии с Федеральным государственным образовательным стандартом по направлению подготовки 050100 — Педагогическое образование (профиль «безопасность жизнедеятельности», квалификация «бакалавр»). В учебнике представлены теоретические основы и главные направления обеспечения безопасности в условиях опасностей и чрезвычайных ситуаций социального характера, рассматриваются основополагающие документы РФ в этой области. Раскрываются механизмы возникновения и развития опасностей и чрезвычайных ситуаций социального характера и способы защиты от них, в том числе система обеспечения безопасности образовательных учреждений.Для студентов учреждений высшего профессионального образования. Может быть полезен широкому кругу читателей.
|
| 606 |
1 |
|
|a Социальные опасности
|x Защита
|2 stltpush
|3 (RuTPU)RU\TPU\subj\71072
|9 85134
|
| 610 |
1 |
|
|a социальная безопасность
|
| 610 |
1 |
|
|a чрезвычайные ситуации
|
| 610 |
1 |
|
|a классификация
|
| 610 |
1 |
|
|a глобальные последствия
|
| 610 |
1 |
|
|a мировой порядок
|
| 610 |
1 |
|
|a национальная безопасность
|
| 610 |
1 |
|
|a экономическая безопасность
|
| 610 |
1 |
|
|a правовое обеспечение
|
| 610 |
1 |
|
|a социальная сфера
|
| 610 |
1 |
|
|a население
|
| 610 |
1 |
|
|a защита
|
| 610 |
1 |
|
|a информационная безопасность
|
| 610 |
1 |
|
|a войны
|
| 610 |
1 |
|
|a вооруженные конфликты
|
| 610 |
1 |
|
|a терроризм
|
| 610 |
1 |
|
|a экстремизм
|
| 610 |
1 |
|
|a криминализация
|
| 610 |
1 |
|
|a образовательные учреждения
|
| 610 |
1 |
|
|a учебники
|
| 686 |
|
|
|a С55.47я73
|v LBC/SL-A
|2 rubbk
|
| 702 |
|
1 |
|a Михайлов
|b Л. А.
|g Леонид Александрович
|4 340
|
| 801 |
|
1 |
|a RU
|b 63413507
|c 20120710
|
| 801 |
|
2 |
|a RU
|b 63413507
|c 20150417
|g RCR
|
| 900 |
|
|
|a Безопасность жизнедеятельности
|
| 942 |
|
|
|c BK
|
| 955 |
|
|
|b 050100
|
| 959 |
|
|
|a 104/20120710
|d 2
|e 462,00
|f ЧЗТЛ:1
|f АНЛ:1
|